00296nam a2200097Ia 4500008004100000082000800041245002900049942000600078952009900084999001500183240331s9999 xx 000 0 und d bPUV 0aPuvathpath kalaameekshaa cL 001040708LaWERCLbWERCLcSSCd2024-03-31l0o 302.232 PUVp3044r2024-03-31w2024-03-31yL c1325d1325